Name the Planets - Fast! - Statistics

General Stats
  • This quiz has been taken 768 times
  • The average score is 5 of 8
Answer Stats
Answer % Correct
Mercury
99%
Venus
89%
Earth
84%
Mars
78%
Jupiter
66%
Saturn
56%
Uranus
43%
Neptune
36%
No matching quizzes found
Score Distribution
Percent of People with Each Score
Percentile by Number Answered
Your Score History
You have not taken this quiz